[Event "Carabobo-ch Expertos y Maestros"]
[Site "Valencia"]
[Date "2016.10.01"]
[Round "1.16"]
[White "Camargo Picon, Josue Fernando"]
[Black "Camargo Picon, Mariangel"]
[Result "1-0"]
[WhiteElo "1752"]
[BlackElo "1100"]
[PlyCount "47"]
[EventDate "2016.10.01"]
[EventType "swiss"]
[EventRounds "5"]
[EventCountry "VEN"]
[SourceTitle "EXT 2022"]
[Source "ChessBase"]
[SourceDate "2021.10.06"]
[SourceVersion "1"]
[SourceVersionDate "2021.10.06"]
[SourceQuality "1"]

1. e4 c5 2. Nf3 Nc6 3. d4 cxd4 4. Nxd4 Nf6 5. Nc3 e5 6. Ndb5 d6 7. Bg5 Be7 8. Bxf6 Bxf6 9. Nd5 0-0 10. Nxf6+ Qxf6 11. Qxd6 Qxd6 12. Nxd6 Rd8 13. 0-0-0 Nd4 14. Nc4 Be6 15. Nxe5 Rac8 16. c3 Bxa2 17. Bd3 Nb3+ 18. Kc2 Nd4+ 19. Kd2 Nb3+ 20. Ke2 Nc5 21. f3 f6 22. Bc4+ Bxc4+ 23. Nxc4 Re8 24. Nd6 1-0

[Event "Carabobo-ch Expertos y Maestros"]
[Site "Valencia"]
[Date "2016.10.01"]
[Round "2.17"]
[White "Camargo Picon, Mariangel"]
[Black "Parra Colmenares, Yuralys E"]
[Result "0-1"]
[WhiteElo "1100"]
[BlackElo "1753"]
[PlyCount "72"]
[EventDate "2016.10.01"]
[EventType "swiss"]
[EventRounds "5"]
[EventCountry "VEN"]
[SourceTitle "EXT 2022"]
[Source "ChessBase"]
[SourceDate "2021.10.06"]
[SourceVersion "1"]
[SourceVersionDate "2021.10.06"]
[SourceQuality "1"]

1. e4 c5 2. Nc3 Nc6 3. f4 g6 4. Nf3 Bg7 5. Bb5 d6 6. Bxc6+ bxc6 7. d3 Nf6 8. Be3 Rb8 9. b3 0-0 10. Rb1 Ng4 11. Bd2 Qc7 12. h3 Nf6 13. 0-0 Rd8 14. Qe1 e5 15. f5 Re8 16. Qh4 d5 17. Bh6 dxe4 18. dxe4 c4 19. Ng5 Rf8 20. fxg6 fxg6 21. Bxg7 Qxg7 22. Na4 h6 23. Nf3 g5 24. Qg3 Nxe4 25. Qe1 Bf5 26. Rd1 cxb3 27. cxb3 Rbd8 28. Qe3 Rxd1 29. Rxd1 g4 30. hxg4 Qxg4 31. Rc1 Qg3 32. Rxc6 Rd8 33. Qe2 Bh3 34. Qc4+ Kg7 35. Rc7+ Kh8 36. Nh4 Rd1+ 0-1

[Event "San Juan Bello Memorial U2200 2nd"]
[Site "San Juan de Los Morros"]
[Date "2016.09.17"]
[Round "1.2"]
[White "Camargo Picon, Mariangel"]
[Black "Pacheco Lugo, Alejandro Jose"]
[Result "0-1"]
[WhiteElo "1117"]
[BlackElo "2173"]
[PlyCount "44"]
[EventDate "2016.09.17"]
[EventType "swiss"]
[EventRounds "5"]
[EventCountry "VEN"]
[SourceTitle "EXT 2022"]
[Source "ChessBase"]
[SourceDate "2021.10.06"]
[SourceVersion "1"]
[SourceVersionDate "2021.10.06"]
[SourceQuality "1"]

1. e4 c5 2. Nc3 Nc6 3. f4 e6 4. Nf3 Nge7 5. d3 g6 6. Be3 b6 7. Qd2 Bg7 8. Be2 d5 9. d4 dxe4 10. Nxe4 cxd4 11. Nxd4 Nxd4 12. Bxd4 Qxd4 13. Qxd4 Bxd4 14. 0-0-0 Be3+ 15. Kb1 0-0 16. Bf3 Rb8 17. g3 Nd5 18. h4 h5 19. Rd3 Ba6 20. g4 hxg4 21. Bxg4 f5 22. h5 fxe4 0-1